Oasis Live Forever Lyrics. - Statistics

General Stats
  • This quiz has been taken 1,033 times
  • The average score is 16 of 20
Answer Stats
Hint Answer % Correct
Maybe I Don't Really Wanna ____ Know
98%
Cause I Just Wanna ___ Fly
96%
____ I Just Wanna fly Maybe
95%
How your _____ _____ Garden Grows
91%
In the _____ Rain Morning
90%
Maybe You're The Same __ ___ As Me
89%
We __ Things They'll Never __ See
89%
You And I __ ___ Live Forever Are Gonna
85%
Wanna ____ But Don't Wanna ____ Live, die
85%
Maybe I Just Don't _____ Believe
82%
Now Is Not The __ To Cry Time
81%
You And I Are Gonna __ ____ Live Forever
79%
As It ___ You to the Bone Soaks
78%
_____ Did you Ever Feel The ____ Lately, Pain
75%
Now's the Time to ___ __ __ Find Out Why
71%
Maybe I Just Wanna ____ Breathe
66%
We See thing's ___ ___ See They'll Never
63%
__ __ ___ That I Wanna Be All the Things
58%
Maybe i Will ____ _ Never Be
53%
_ ___ __ The Same As Me I Think You're
43%
No matching quizzes found
Score Distribution
Percent of People with Each Score
Percentile by Number Answered
Your Score History
You have not taken this quiz